Catalog

Record Details

Catalog Search



The Cutthroat  Cover Image CD Audiobook CD Audiobook

The Cutthroat / Clive Cussler and Justin Scott.

Cussler, Clive, 1931-2020 (author.). Scott, Justin, (author.). Brick, Scott, (narrator.).

Summary:

The year is 1911. Chief Investigator Isaac Bell of the Van Dorn Detective Agency has had many extraordinary cases before. But none quite like this. Hired to find a young woman named Anna Pape who ran away from home to become an actress, Bell gets a shock when her murdered body turns up instead. Vowing to bring the killer to justice, he begins a manhunt which leads him into increasingly more alarming territory. Anna Pape was not alone in her fate--petite young blond women like Anna are being murdered in cities across America. And the pattern goes beyond the physical resemblance of the victims--there are disturbing familiarities about the killings themselves that send a chill through even a man as experienced with evil as Bell. If he is right about his fears, then he is on the trail of one of the greatest monsters of his time.

Record details

  • ISBN: 9781524723613
  • ISBN: 1524723614
  • Physical Description: 8 audio discs (9 hr., 30 min.) : CD audio, digital ; 4 3/4 in.
  • Edition: Unabridged.
  • Publisher: New York : Penguin Audio, [2017]

Content descriptions

General Note:
Title from container.
Compact disc.
Participant or Performer Note:
Read by Scott Brick.
Subject: Bell, Isaac (Fictitious character) > Fiction.
Private investigators > Fiction.
Serial murders > Fiction.
Genre: Historical fiction.
Thrillers (Fiction)
Detective and mystery fiction.
Audiobooks.

Available copies

  • 1 of 1 copy available at scottsboropl.

Holds

  • 0 current holds with 1 total copy.
Show Only Available Copies
Location Call Number / Copy Notes Barcode Shelving Location Status Due Date
scottsboropl BK/CD Cus 32269001142382 Adult - Audiobook Available -

LDR 02682cim a2200541Ii 4500
001153202
003CONS
00520200427072645.0
007sd fungnn|m|ed
008161214s2017 nyunnnng f n eng d
020 . ‡a9781524723613
020 . ‡a1524723614
0243 . ‡a9781524723590 ‡d54500
02802. ‡aPRHA 6249 ‡bPenguin Random House Audio
02802. ‡a40c4f9 ‡bBlackstone Audiobooks
02802. ‡aDD29868 ‡bRecorded Books
035 . ‡a(CPomAG)LMN615479
050 4. ‡aPS3553.U75 ‡bC88 2017ab
08204. ‡a813/.54 ‡223
1001 . ‡aCussler, Clive, ‡d1931-2020, ‡eauthor.
24514. ‡aThe Cutthroat / ‡cClive Cussler and Justin Scott.
250 . ‡aUnabridged.
264 1. ‡aNew York : ‡bPenguin Audio, ‡c[2017]
300 . ‡a8 audio discs (9 hr., 30 min.) : ‡bCD audio, digital ; ‡c4 3/4 in.
306 . ‡a093000
336 . ‡aspoken word ‡bspw ‡2rdacontent
337 . ‡aaudio ‡bs ‡2rdamedia
338 . ‡aaudio disc ‡bsd ‡2rdacarrier
344 . ‡adigital ‡boptical ‡2rda
347 . ‡aaudio file ‡bCD audio ‡2rda
4901 . ‡aIsaac Bell Adventure ; ‡v10
500 . ‡aTitle from container.
500 . ‡aCompact disc.
5110 . ‡aRead by Scott Brick.
520 . ‡aThe year is 1911. Chief Investigator Isaac Bell of the Van Dorn Detective Agency has had many extraordinary cases before. But none quite like this. Hired to find a young woman named Anna Pape who ran away from home to become an actress, Bell gets a shock when her murdered body turns up instead. Vowing to bring the killer to justice, he begins a manhunt which leads him into increasingly more alarming territory. Anna Pape was not alone in her fate--petite young blond women like Anna are being murdered in cities across America. And the pattern goes beyond the physical resemblance of the victims--there are disturbing familiarities about the killings themselves that send a chill through even a man as experienced with evil as Bell. If he is right about his fears, then he is on the trail of one of the greatest monsters of his time.
60010. ‡aBell, Isaac ‡c(Fictitious character) ‡vFiction.
650 0. ‡aPrivate investigators ‡vFiction.
650 0. ‡aSerial murders ‡vFiction.
655 7. ‡aHistorical fiction. ‡2lcgft
655 7. ‡aThrillers (Fiction) ‡2lcgft
655 7. ‡aDetective and mystery fiction. ‡2lcgft
655 7. ‡aAudiobooks. ‡2lcgft
7001 . ‡aScott, Justin, ‡eauthor.
7001 . ‡aBrick, Scott, ‡enarrator.
8001 . ‡aCussler, Clive. ‡tIsaac Bell adventure ‡v10
914 . ‡aSCP_LP
959 . ‡i32269001142382 ‡lBK/CD Cus ‡aAdult - Audiobook ‡tAudiobook ‡g35.00 ‡d*** 8 CDs
852 . ‡p32269001142382 ‡jBK/CD Cus ‡gAdult - Audiobook ‡cAudiobook ‡y35.00 ‡bSBPL
901 . ‡a153202 ‡bUnknown ‡c153202 ‡tbiblio

Additional Resources